000 00890nam a22002057a 4500
999 _c3218
_d3218
003 OSt
005 20231107143254.0
008 231107b ||||| |||| 00| 0 eng d
020 _a9780008287603
040 _cKH8
082 _a428 KEM
100 _aKemp, Beth,
_eauthor.
245 _aCambridge International AS & A Level English Language :
_bStudent's Book /
_cBeth Kemp.
260 _aUnited KIngdom ;
_bHarper Collins Publishers ,
_c2019.
300 _a300 pages :
_c19.3 cm x 26.5 cm.
500 _aIncludes index.
520 _aCambridge International AS & A Level English Language Student's Book is structured to build skills and knowledge in a clear sequence, with in-depth, up-to-date coverage of each syllabus topic and a stimulating range of international texts to analyse, respond to and to inspire your own writing.
650 _aSecond language
_vEnglish
942 _2ddc
_cTR